000
00257nam a22000857a 4500
999
_c
515212
_d
515212
100
_a
Khan, Mohammad Mohabbat
_9
20427
245
_a
Politics of administrative reform: A case study of Bangladesh
260
_a
New Delhi
_b
Ashish publishing
_c
1991
300
_a
105p.